US States With the Most Whole Foods Markets - Statistics

General Stats
  • This quiz has been taken 22 times
  • The average score is 9 of 10
Answer Stats
Number of Locations State % Correct
36 Texas
100%
37 Florida
95%
34 New York
95%
93 California
90%
27 Illinois
90%
25 New Jersey
90%
23 Colorado
85%
32 Massachusetts
85%
16 Virginia
85%
16 Pennsylvania
75%
No matching quizzes found
Score Distribution
Percent of People with Each Score
Percentile by Number Answered
Your Score History
You have not taken this quiz